Statistiken für Städte mit "G"

Klicken Sie hier um das Quiz zu spielen!

Allgemein

  • Dieses Quiz wurde 26 mal gespielt
  • Das Durchschnittsergebnis liegt bei 12 aus 42

Antwortstatistiken

LandStadt% Korrekt
Deutschland 🇩🇪Gelsenkirchen
79%
Österreich 🇦🇹Graz
79%
Guatemala 🇬🇹Guatemala - Stadt
79%
Schweiz 🇨🇭Genf
71%
Deutschland 🇩🇪Gera
67%
Deutschland 🇩🇪Göttingen
63%
Belgien 🇧🇪Gent
58%
Schweden 🇸🇪Göteborg
54%
Botswana 🇧🇼Gaborone
50%
Italien 🇮🇹Genua
50%
Deutschland 🇩🇪Gießen
46%
Großbritannien 🇬🇧Glasgow
46%
Burundi 🇧🇮Gitega
38%
Ägypten 🇪🇬Gizeh
38%
Spanien 🇪🇸Granada
38%
Niederlande 🇳🇱Groningen
38%
China 🇨🇳Guangzhou
38%
Guyana 🇬🇾Georgetown
33%
Mexiko 🇲🇽Guadalajara
29%
Deutschland 🇩🇪Gotha
25%
Frankreich 🇫🇷Grenoble
25%
Spanien 🇪🇸Girona
21%
Deutschland 🇩🇪Günzburg
21%
Deutschland 🇩🇪Gütersloh
21%
Spanien 🇪🇸Gijon
17%
Deutschland 🇩🇪Görlitz
17%
Deutschland 🇩🇪Greifswald
17%
Deutschland 🇩🇪Grimma
13%
Irland 🇮🇪Galway
8%
Iran 🇮🇷Ghom
8%
Brasilien 🇧🇷Goiania
8%
Australien 🌏Gold Coast
8%
Türkei 🇹🇷Gaziantep
4%
Polen 🇵🇱Gdingen
4%
Österreich 🇦🇹Gmünd
4%
Deutschland 🇩🇪Guben
4%
Südkorea 🇰🇷Gwangju
4%
Mali 🇲🇱Goa
0%
Italien 🇮🇹Görz
0%
Russland 🇷🇺Grosny
0%
Polen 🇵🇱Grudziadz
0%
China 🇨🇳Guidance
0%

Verteilung der Resultate

Perzentil nach korrekt beantworteten Fragen

Anzahl Personen mit jedem Resultat

Ihre Resultats-Entwicklung

Sie haben dieses Quiz noch nicht gespielt